MARC

LEADER 00000nam0a2200000 4500
001 364623
005 20231102011716.0
035 |a (RuTPU)RU\TPU\retro\21981 
090 |a 364623 
100 |a 20211123d1981 km y0rusy50 ca 
101 0 |a rus 
102 |a RU 
105 |a a z 001zy 
200 1 |a Пластмассы в строительных и землеройных машинах  |f А. Я. Башкарев, Н. И. Миронов, В. П. Семенов 
210 |a Ленинград  |c Машиностроение  |d 1981 
215 |a 192 с.  |c ил. 
320 |a Библиогр.: с. 188-190 
606 1 |a Строительные машины  |2 stltpush  |3 (RuTPU)RU\TPU\subj\57572  |9 75430 
606 1 |a Полимеры  |x Применение в строительстве  |2 stltpush  |3 (RuTPU)RU\TPU\subj\50275  |9 68990 
610 1 |a строительная техника 
610 1 |a полимерные материалы 
610 1 |a антифрикционные свойства 
610 1 |a технологические свойства 
610 1 |a землеройные машины 
610 1 |a узлы 
610 1 |a пластмассы 
610 1 |a использование 
610 1 |a полимерные покрытия 
610 1 |a ремонтные технологии 
675 |a 69.002.51  |v 4 
675 |a 691.175  |v 4 
700 1 |a Башкарев  |b А. Я.  |g Альберт Яковлевич 
701 1 |a Миронов  |b Н. И.  |g Николай Иванович 
701 1 |a Семенов  |b В. П.  |g Василий Павлович 
801 1 |a RU  |b 63413507  |c 20211123 
942 |c BK